000
00295nam a22001337a 4500
008
170829b xxu||||| |||| 00| 0 eng d
020
_a
9781580650632
041
_a
eng
080
_2
2ND
_a
070
100
_a
39
101
_a
MED
245
_a
WRITING SHORT FILMS
_c
COWGILL,L.J
942
_2
udc
_c
BK
999
_c
25373
_d
25373